| 000 | 00372nam a2200133Ia 4500 | ||
|---|---|---|---|
| 008 | 240624s9999 xx 000 0 und d | ||
| 041 | _aeng | ||
| 082 | _a658.4092 CHA | ||
| 100 | _aCHATTERJEE DEBASHIS | ||
| 245 | _aLEADING CONSCIOUSLY A PILGRIMAGE TOWARD | ||
| 260 |
_c2002 _aNew Delhi _bViva Books Private Limited |
||
| 300 | _axxii, : 221 : p. : cm. ; 23 | ||
| 365 | _cRS | ||
| 999 |
_c18232 _d18232 |
||